Estrategias discursivas : práctica de la comprensión y producción de textos en castellano /

Guardado en:
Autor Principal: Lorenzini, Esther
Otros Autores: Ferman, Claudia
Formato: Libro
Publicado: Buenos Aires : Club de estudio
Materias:
Etiquetas: Agregar Etiqueta
Sin Etiquetas, Sea el primero en etiquetar este registro!
LEADER 01170nam a22002295a 4500
001 CEM.cems012733
005 20071010154054.0
008 130507b######################000#0#####d
003 CEMS
020 |a 9505870353 
082 0 4 |a 372.6 
100 1 |a Lorenzini, Esther 
245 1 0 |a Estrategias discursivas :  |b práctica de la comprensión y producción de textos en castellano /  |c Esther Lorenzini, Claudia Ferman 
260 |a Buenos Aires :  |b Club de estudio 
300 |a 198 p. 
505 0 |a Funciones, texturas y actos de habla -- Componentes de la narración -- Narración y comentario -- Otorgamiento de la cualidad -- Instrucciones -- El discurso periodístico -- Resumen -- Reseña -- Síntesis argumental -- Los ejes de organización -- Discurso persuasivo: el control social -- La referencia de la voz: estilo directo e indirecto -- Argumentación -- Secuencial y dialéctica -- Polifonía -- Informa de reunión -- Informe de investigación 
653 |a Narración 
653 |a Textos-comprensión 
653 |a Textos-producción 
653 |a Estrategias discursivas 
700 1 |a Ferman, Claudia 
859 |a CEMS  |b BIB. CEMS - 11 de abril  |h 372.6  |i L877  |p 23986.07  |t Ej.1